00740nam a22001937a 450000500170000001000150001702000260003203500140005803700090007208200100008110000260009124500950011726000360021227000820024830000210033094200240035199900190037595201520039420240905122346.0 aENG-141654 a9788178244976c595.00 aEN-125186 bDBAD a346.5 aSharafi, Mitra971126 aLaw and Identity in Colonial South Asia:bParsi Legal Culture,1772-1947/cBy Mitra Sharafi aRanikhetbPermanent Blackc2017 a'Himalyana' , Mall Road, Ranikhet CanttbRanikhete263645mperblack@gmail.com a343p.c21cm.(pb) 2ddccENh346.5mSHA c205582d205582 001040708NFICaLbLd2024-09-05eDelivery of Books Act Divisiong595.00l0o346.5 SHApEN-125186r2024-09-05 00:00:00t1v595.00w2024-09-05yEN